000 00274nam a22001097a 4500
008 170119b xxu||||| |||| 00| 0 eng d
020 _a0197246397
041 _aeng
080 _a618.2
245 _aHEALTH SURVEYS IN PRACTICE AND IN POTENTIAL
_cCARTWRIGHT, A
942 _2udc
_cBK
999 _c3145
_d3145